Protagonistas de la España democrática (Record no. 105501)

MARC details
000 -LEADER
campo de control de longitud fija 00910nam a22002531 4500
001 - NÚMERO DE CONTROL
campo de control 105501
003 - IDENTIFICADOR DE NÚMERO DE CONTROL
campo de control ES-MaACL
005 - FECHA Y HORA DE LA ÚLTIMA TRANSACCIÓN
campo de control 20230906183915.0
007 - CAMPO FIJO DE DESCRIPCIÓN FÍSICA--INFORMACIÓN GENERAL
campo de control de longitud fija t|
008 - DATOS DE LONGITUD FIJA--INFORMACIÓN GENERAL
campo de control de longitud fija 060720s1968 sp ||||0| spa d
016 7# - NÚMERO DE CONTROL DE UNA AGENCIA BIBLIOGRÁFICA NACIONAL
Número de control cancelado/no válido IND2000928879
040 ## - FUENTE DE CATALOGACIÓN
Centro catalogador/agencia de origen M-BN
Lengua de catalogación spa
Centro/agencia transcriptor CDM
080 ## - NÚMERO DE LA CLASIFICACIÓN DECIMAL UNIVERSAL
Número de la Clasificación Decimal Universal 92(46)"19":32(049.3)
080 ## - NÚMERO DE LA CLASIFICACIÓN DECIMAL UNIVERSAL
Número de la Clasificación Decimal Universal 32:92(46)"19"(049.3)
100 1# - ENTRADA PRINCIPAL--NOMBRE DE PERSONA
Nombre de persona Vilar, Sergio.
9 (RLIN) 114802
245 10 - MENCIÓN DEL TÍTULO
Título Protagonistas de la España democrática
Resto del título : la oposición a la dictadura 1939-1969 /
Mención de responsabilidad, etc. Sergio Vilar.
260 ## - PUBLICACIÓN, DISTRIBUCIÓN, ETC.
Lugar de publicación, distribución, etc. Barcelona ;
-- París ;
-- Madrid :
Nombre del editor, distribuidor, etc. Ediciones Sociales,
Fecha de publicación, distribución, etc. [1968] (
Lugar de fabricación/manufactura Paris :
Fabricante Imprimerie Mazarine)
300 ## - DESCRIPCIÓN FÍSICA
Extensión 743 p., 1 h ;
Dimensiones 21 cm.
500 ## - NOTA GENERAL
Nota general Biblioteca Juan Andrade.
650 14 - PUNTO DE ACCESO ADICIONAL DE MATERIA--TÉRMINO DE MATERIA
Término de materia o nombre geográfico como elemento de entrada Políticos-
Subdivisión geográfica España-
Subdivisión de forma Entrevistas.
9 (RLIN) 16314
651 #4 - PUNTO DE ACCESO ADICIONAL DE MATERIA--NOMBRE GEOGRÁFICO
Nombre geográfico España-
Subdivisión general Historia-
Subdivisión cronológica 1939-1975, Dictadura.
9 (RLIN) 167928
740 3# - ENTRADA AGREGADA--TÍTULO RELACIONADO/ANALÍTICO NO CONTROLADO
Título relacionado o analítico no controlado La oposición a la dictadura 1939-1969.
852 ## - LOCALIZACIÓN
Ubicación ES-MaACL
Número de control de estantería AND-314
Sublocalización o colección R.109619
Holdings
Estatus retirado Estado de pérdida Estado de daño No para préstamo Biblioteca de origen Biblioteca actual Ubicación en estantería Fecha de adquisición Fuente de adquisición Total de préstamos Signatura topográfica completa Código de barras Visto por última vez Precio de reemplazo Tipo de ítem Koha
        Biblioteca del Ateneo de Madrid Biblioteca del Ateneo de Madrid Depósito 2 17/01/2008     AND-314 1110149 23/02/2023 23/02/2023 Libro impreso